| 000 | 00444nam a2200169Ia 4500 | ||
|---|---|---|---|
| 003 | SGT | ||
| 020 | _a9788177588231 | ||
| 082 |
_a6.7 _bNIA |
||
| 100 | _aLi, Ze-Nian | ||
| 245 | _aFundamentals of multimedia | ||
| 260 |
_bPearson _aN.Delhi _c2009 |
||
| 300 | _a560p. | ||
| 650 | _aCOMPUTER ENGINEERING | ||
| 653 | _aMULTIMEDIA AUTHORING AND REPRESENTATIONS,GRAPHICS AND IMAGE DATA RAPRESENTATIONS | ||
| 700 | _aDrew,Mark S | ||
| 942 |
_2ddc _cBK |
||
| 999 |
_c5757 _d5757 |
||